000 00254nam a2200085Ia 4500
008 220120s9999||||xx |||||||||||||| ||und||
100 _aSpoorthy.I, Sneha.R
_912202
245 0 _aFault Tolerant System
260 _aCoorg Institute of Technology
_bPonnampet
_c2009
999 _c137788
_d137788